| 000 | 00733nas a2200241 4500 | ||
|---|---|---|---|
| 001 | BR0810011 | ||
| 003 | BR-BrBNA | ||
| 005 | 20231205112928.0 | ||
| 007 | ta | ||
| 008 | 230509b bl.|||p| |||| 00| 00por d | ||
| 040 |
_aBR-BrBNA _bpor _cBiblioteca Nacional de Agricultura |
||
| 041 | _a(Pt) | ||
| 072 | _aQ03 | ||
| 100 | 1 | _aMaia, M.C.A. | |
| 100 | 1 | _aGalvão, A.P.G.K. | |
| 100 | 1 | _aModesta, R.C.D. | |
| 100 | 1 | _aPereira Júnior, N. | |
| 245 | 1 | _aAvaliação do consumidor sobre sorvetes com xilitol | |
| 650 | _aSAÚDE PÚBLICA | ||
| 773 | 0 |
_tCiência e Tecnologia de Alimentos (Brazil) _xISSN 0101-2061 _g(Apr-Jun 2008), v. 28(2) p. 0810011 _wBR0810011 |
|
| 909 |
_a202311 _bLúcia _c55 _dLúcia Elande |
||
| 942 |
_2AGRIS _n0 _cANA |
||
| 999 |
_c200839 _d200839 |
||